Normal view
MARC view
Entry Meeting Name
001 - CONTROL NUMBER
- control field: 12968
003 - CONTROL NUMBER IDENTIFIER
- control field: OSt
005 - DATE AND TIME OF LATEST TRANSACTION
- control field: 20211105133614.0
008 - FIXED-LENGTH DATA ELEMENTS
- fixed length control field: 211105|| aca||aabn | a|a d
040 ## - CATALOGING SOURCE
- Original cataloging agency: OSt
- Transcribing agency: OSt
111 ## - HEADING--MEETING NAME
- Meeting name or jurisdiction name as entry element: International Astronomical Union Symposium
- Number of part/section/meeting: 97th
- Location of meeting: U S A
- Date of meeting or treaty signing: 1981 Aug. 3-7
670 ## - SOURCE DATA FOUND
- Source citation: Work cat.: (OSt): International Astronomical Union Symposium 97th U S A 1981 Aug. 3-7, Extragalactic radio sources, 1992